| 000 | 00483nam a2200181Ia 4500 | ||
|---|---|---|---|
| 008 | 151018s9999 xx 000 0 und d | ||
| 082 |
_bRBASDV31022 _a891.461 |
||
| 100 | _aशिरीष पै | ||
| 245 | _aचारच ओळी | ||
| 250 | _b1 | ||
| 260 |
_bडिंपल _c1998 |
||
| 300 | _a104 | ||
| 600 | _aशिरीष पै | ||
| 630 | _aचारच ओळी | ||
| 700 | _aशिरीष पै | ||
| 730 | _aचारच ओळी | ||
| 942 | _cBOOK | ||
| 999 |
_c1030561 _d1030558 |
||